Pest control in rice : deltamethrin file
Đã lưu trong:
| Príomhúdar: | |
|---|---|
| Formáid: | Leabhar |
| Teanga: | Undetermined |
| Foilsithe: |
Romainville
Roussel Velaf
1993
|
| Ábhair: | |
| Clibeanna: |
Cuir Clib Leis
Gan Chlibeanna, Bí ar an gcéad duine leis an taifead seo a chlibeáil!
|
| Thư viện lưu trữ: | Trung tâm Học liệu Trường Đại học Cần Thơ |
|---|
| LEADER | 00521nam a2200181Ia 4500 | ||
|---|---|---|---|
| 001 | CTU_38647 | ||
| 008 | 210402s9999 xx 000 0 und d | ||
| 082 | |a 632.9 | ||
| 082 | |b W573 | ||
| 100 | |a Andrew Whipp | ||
| 245 | 0 | |a Pest control in rice : deltamethrin file | |
| 245 | 0 | |c Andrew Whipp | |
| 260 | |a Romainville | ||
| 260 | |b Roussel Velaf | ||
| 260 | |c 1993 | ||
| 650 | |a pesticides,pests,rice - diseases and pests - control | ||
| 904 | |i Liên, 990617 | ||
| 980 | |a Trung tâm Học liệu Trường Đại học Cần Thơ | ||